Ομιλίες και ποιήματα στους πεσόντες του Δημοκρατικού Στρατού Σάμου
Αποθηκεύτηκε σε:
| Κύριος συγγραφέας: | |
|---|---|
| Μορφή: | Βιβλίο |
| Γλώσσα: | Greek |
| Δημοσίευση: |
Σάμος :
[χ.ό.],
2007.
|
| Θέματα: | |
| Ετικέτες: |
Προσθήκη ετικέτας
Δεν υπάρχουν, Καταχωρήστε ετικέτα πρώτοι!
|
MARC
| LEADER | 00000nam a2200000 a 4500 | ||
|---|---|---|---|
| 001 | 1/126843 | ||
| 008 | 230612s2007####gr | ||| |||| ||gre|| | ||
| 040 | |a GR-MyUa |b gre |c GR-MyUa |e AACR2 | ||
| 041 | 0 | |a gre | |
| 082 | 7 | |a 889.1 |2 (23) | |
| 100 | 1 | |a Παχυμανώλης, Αλέξης Μ. |d 1925- | |
| 245 | 1 | 0 | |a Ομιλίες και ποιήματα στους πεσόντες του Δημοκρατικού Στρατού Σάμου / |c Αλέξης Μ. Παχυμανώλης ; πρόλογος Λιλή Κωνσταντινίδου. |
| 260 | |a Σάμος : |b [χ.ό.], |c 2007. | ||
| 300 | |a 79 σ. ; |c 25 εκ. | ||
| 650 | 0 | |a Litterateurs |z Greece |z Samos (Municipality) | |
| 650 | 0 | |a Greek poetry, Modern |y 20th century. | |
| 651 | 0 | |a Greece |v Personal narratives |x History |y Civil War, 1944-1949. | |
| 852 | |a INST |b SAMOS |e 20230612 |h 889.1 ΠΑΧ |p 005300047924 |q 005300047924 |t BK |y 0 | ||
| 970 | |a Γουβάλα |b Βάσω |z 12-06-2023 | ||